Protect your BITs (Record no. 73087)

MARC details
000 -LEADER
fixed length control field 01049cam a2200193 4500
001 - CONTROL NUMBER
control field X123080
008 - FIXED-LENGTH DATA ELEMENTS--GENERAL INFORMATION
fixed length control field 030722n2003 000 0 eng u
035 ## - SYSTEM CONTROL NUMBER
System control number (Sirsi) u123080
100 ## - MAIN ENTRY--PERSONAL NAME
Personal name Henchie, N.
245 ## - TITLE STATEMENT
Title Protect your BITs
260 ## - PUBLICATION, DISTRIBUTION, ETC.
Date of publication, distribution, etc. 2003
490 ## - SERIES STATEMENT
Series statement Building
Volume/sequential designation 268(8282) 6 June 2003, 56(1)
520 ## - SUMMARY, ETC.
Summary, etc. Considers whether companies accepting a construction or engineering job in an unstable foreign country should ensure there is a Bilateral Investment Treaty (BIT) in place before signing. BITs provide for the protection of the investment of a company from one contracting state made in the territory of the other contracting state. They provide for the settlement of disputes and have been concluded between the UK government and 94 other countries. Consequently, disputes can be referred to the International Centre for Settlement of Investment Disputes.
650 ## - SUBJECT ADDED ENTRY--TOPICAL TERM
Topical term or geographic name entry element BILATERAL INVESTMENT TREATIES
650 ## - SUBJECT ADDED ENTRY--TOPICAL TERM
Topical term or geographic name entry element CONSTRUCTION DISPUTES
650 ## - SUBJECT ADDED ENTRY--TOPICAL TERM
Topical term or geographic name entry element ENGINEERING DISPUTES
690 ## - LOCAL SUBJECT ADDED ENTRY--TOPICAL TERM (OCLC, RLIN)
Topical term or geographic name as entry element Dispute resolution
9 (RLIN) 6236
942 ## - ADDED ENTRY ELEMENTS (KOHA)
Suppress in OPAC 0
Holdings
Withdrawn status Lost status Source of classification or shelving scheme Damaged status Not for loan Home library Current library Shelving location Date acquired Total Checkouts Full call number Barcode Date last seen Copy number Price effective from Koha item type
    Dewey Decimal Classification     London London Journal article 22/07/2003   X123080 123080-1001 06/08/2019 1 06/08/2019 Journal article